Indicadores sobre la situación de la infancia en América Latina y el Caribe. Indicators of the Situation of Children in Latin American and the Caribbean

Tallennettuna:
Bibliografiset tiedot
Päätekijä: Blasco, Juan Carlos
Aineistotyyppi: Teksti
Julkaistu: Santiago: UNICEF. CEPAL
Tagit: Lisää tagi
Ei tageja, Lisää ensimmäinen tagi!

MARC

LEADER 00000 a a2200000 04500
001 15377
003
040
090 |a 016400  
100 |a Blasco, Juan Carlos  
245 |a Indicadores sobre la situación de la infancia en América Latina y el Caribe. Indicators of the Situation of Children in Latin American and the Caribbean  
260 |a Santiago:   |b UNICEF. CEPAL  
300 |a 279 p.  
999 |c 16434  |d 16434